| 000 | 00980nmm a2200289 a 4500 | ||
|---|---|---|---|
| 001 | ocm0001520945 | ||
| 003 | TR-IsHL | ||
| 005 | 20201028162830.0 | ||
| 008 | 170122s2014 tu tur | ||
| 007 | cr cn | ||
| 020 | _a9789944323946 | ||
| 035 |
_a1520945 _b(N$T) |
||
| 050 | 0 | 4 |
_aPL248.C56 _bI3 2014 |
| 090 | 0 | 4 |
_aPL248.C56 _bI3 2014 |
| 100 | 1 | _aÇınkır, Celil | |
| 245 | 1 | 0 |
_aİkindi yazıları şairleri ve şiirleri antolojisi _h[electronic resource] / _cCelil Çınkır ; Zahide Eskici, Salihan Tuğçe Şahindaş |
| 260 |
_aİstanbul : _bYalın Yayıncılık, _c2014 |
||
| 300 | _a547 p. | ||
| 650 | 4 | _aDil ve Edebiyat | |
| 650 | 4 | _aLanguage and Literature | |
| 650 | 0 | _aHalk şiiri, Türk | |
| 650 | 0 | _aFolk poetry, Turkish | |
| 650 | 7 |
_aPOETRY / Middle Eastern _2bisacsh |
|
| 700 | 1 | _aEskici, Zahide | |
| 700 | 1 | _aŞahindaş, Salihan Tuğçe | |
| 856 | 4 | 0 | _uhttp://search.ebscohost.com/login.aspx?direct=true&scope=site&db=e011xww&AN=1520945 |
| 999 |
_c15002 _d15002 |
||